00623nam a2200217Ia 4500008004100000020001800041050001500059050001400074100002200088245003300110245007000143250001600213260001300229260002800242260000900270300001600279300002600295300001100321500005100332650002200383161112s9999 xx 000 0 und d a0-471-68294-2 aCUL TX 715 b.N46 2007 aNenes, Michael F. 0aAmerican regional cuisine / 0cMichael F. Nenes, the Art Institutes; photography by Joe Robbins. a2nd Edition aCanada : bJohn Wiley & Sons Inc., c2007 a564 pages : bcolor illustrations ; c24 cm. aIncludes bibliographical references and index. aCookery, American